| 000 | 00731nam a2200205 i 4500 | ||
|---|---|---|---|
| 001 | 70188 | ||
| 003 | ES-MaACL | ||
| 005 | 20231222063041.0 | ||
| 007 | t| | ||
| 008 | 040720s1984 sp ||||1| spa d | ||
| 100 | 1 |
_aGarcía Pérez, Guillermo, _d1942- _955106 |
|
| 245 | 1 | 0 |
_aEl Cid en el Valle Alto del Duero _b: ; La ruta del Corpes ; En busca de Griza, alamos y Elfa... / _cGuillermo García Pérez. |
| 260 |
_aSoria : _bCentro de Estudios Sorianos, _c1984. |
||
| 300 |
_a18 h. ; _c23 cm. |
||
| 500 | _aEs separata de: "Celtiberia" núm. 67, pág. 31-66. | ||
| 740 | 3 | _aLa ruta del corpes. | |
| 740 | 0 | _aEn busca de Griza, Alamos y Elfa... | |
| 852 |
_aES-MaACL _j2134-F-15 _bR.107455 |
||
| 999 |
_c70188 _d70188 |
||